مؤتمر المباني الإدارية وأثرها علي كفاءة الأداء ۲۰ مارس سنة ۱۹۷۱ - ١٥ أبريل سنة ١٩٧١ : (Record no. 74806)
[ view plain ]
| 000 -LEADER | |
|---|---|
| fixed length control field | 01379nam a2200301 a 4500 |
| 003 - CONTROL NUMBER IDENTIFIER | |
| control field | EG-GICUC |
| 005 - DATE AND TIME OF LATEST TRANSACTION | |
| control field | 20260502130336.0 |
| 008 - FIXED-LENGTH DATA ELEMENTS--GENERAL INFORMATION | |
| fixed length control field | 260502s1972 ua |||fr|||| 00| 0 ara d |
| 017 ## - COPYRIGHT OR LEGAL DEPOSIT NUMBER | |
| Copyright or legal deposit number | 1972/6322 |
| 040 ## - CATALOGING SOURCE | |
| Original cataloging agency | EG-GICUC |
| Language of cataloging | ara |
| Transcribing agency | EG-GICUC |
| Modifying agency | EG-GICUC |
| Description conventions | rda |
| 082 04 - DEWEY DECIMAL CLASSIFICATION NUMBER | |
| Edition number | 21 |
| Classification number | 345.3231 |
| Item number | م ؤ . م |
| 092 04 - LOCALLY ASSIGNED DEWEY CALL NUMBER (OCLC) | |
| Edition number | 21 |
| 099 ## - LOCAL FREE-TEXT CALL NUMBER (OCLC) | |
| Classification number | Law1 07 345.3231 م ؤ . م 1972 |
| 111 1# - MAIN ENTRY--MEETING NAME | |
| Meeting name or jurisdiction name as entry element | الجهاز المركزي للتنظيم والإدارة |
| Relator term | مؤلف. |
| 245 10 - TITLE STATEMENT | |
| Title | مؤتمر المباني الإدارية وأثرها علي كفاءة الأداء ۲۰ مارس سنة ۱۹۷۱ - ١٥ أبريل سنة ١٩٧١ : |
| Name of part/section of a work | دراسات المؤتمر، |
| Number of part/section of a work | الجزء الاول / |
| Statement of responsibility, etc. | الجهاز المركزي للتنظيم والإدارة. |
| 264 #1 - PRODUCTION, PUBLICATION, DISTRIBUTION, MANUFACTURE, AND COPYRIGHT NOTICE | |
| Place of production, publication, distribution, manufacture | القاهرة : |
| Name of producer, publisher, distributor, manufacturer | الهيئة العامة لشئون المطابع الأميرية، |
| Date of production, publication, distribution, manufacture, or copyright notice | 1972. |
| 300 ## - PHYSICAL DESCRIPTION | |
| Extent | 507 ؛ صفحة |
| Other physical details | إيضاحيات، صور، مثيليات ؛ |
| Dimensions | 24 سم |
| 336 ## - CONTENT TYPE | |
| Source | rda content |
| Content type term | text |
| 337 ## - MEDIA TYPE | |
| Source | rda media |
| Media type term | Computer |
| 338 ## - CARRIER TYPE | |
| Source | rda carrier |
| Carrier type term | Online Resource |
| 504 ## - BIBLIOGRAPHY, ETC. NOTE | |
| Bibliography, etc. note | يشتمل علي ارجاعات ببليوجرافية |
| 546 ## - LANGUAGE NOTE | |
| Language note | النص باللغة العربية |
| 650 14 - SUBJECT ADDED ENTRY--TOPICAL TERM | |
| Topical term or geographic name entry element | المرفق العامة الإدارية |
| Source of heading or term | qrmak |
| 651 1# - SUBJECT ADDED ENTRY--GEOGRAPHIC NAME | |
| Source of heading or term | qrmak |
| 856 40 - ELECTRONIC LOCATION AND ACCESS | |
| Uniform Resource Identifier | <a href="https://fll.law.cu.edu.eg/fulltext/conf/B07-01268.pdf">https://fll.law.cu.edu.eg/fulltext/conf/B07-01268.pdf</a> |
| 905 ## - Cataloger and Reviser Names | |
| Cataloger Name: | Mayar Adel |
| 942 ## - ADDED ENTRY ELEMENTS (KOHA) | |
| Source of classification or shelving scheme | Dewey Decimal Classification |
| Koha item type | Books |
| Edition | 21 |
| Suppress in OPAC | No |
| Withdrawn status | Lost status | Source of classification or shelving scheme | Damaged status | Not for loan | Collection | Home library | Current library | Date acquired | Total checkouts | Full call number | Barcode | Date last seen | Copy number | Price effective from | Koha item type |
|---|---|---|---|---|---|---|---|---|---|---|---|---|---|---|---|
| Dewey Decimal Classification | Not for loan | القانون الإداري | جــــامعة القــاهرة | مكتبة كلية الحقوق - المبنى الرئيسي | 02.05.2026 | Law1 07 345.3231 م ؤ . م 1972 0701268 V1, C1 | B07-01268 | 02.05.2026 | 1 | 02.05.2026 | Books |